00390nam a2200121 a 450000100080000000500110000800800410001924501140006026000330017450000390020765000130024665000090025921699722025-01-27 2024 bl uuuu u0uu1 u #d aBRS Cultivares de sojabCentro-Sul do Brasil | Macrorregiões 1, 2, 3, RECs 401 e 402.h[electronic resource] aLondrina: Embrapa Sojac2024 aCatálogo 03/2024 - novembro/2024. aSoybeans aSoja